Catálogo

READ ON, SPEAK OUT : (Registro nro. 22533)

Detalles MARC
000 -LEADER
fixed length control field 00642nam a2200193 a 4500
001 - CONTROL NUMBER
control field 22533
005 - DATE AND TIME OF LATEST TRANSACTION
control field 20180713220440.0
008 - FIXED-LENGTH DATA ELEMENTS--GENERAL INFORMATION
fixed length control field 140415s1979 xxu 000 0 eng d
020 ## - INTERNATIONAL STANDARD BOOK NUMBER
International Standard Book Number 0883771330
041 ## - LANGUAGE CODE
Language code of text/sound track or separate title eng
082 ## - DEWEY DECIMAL CLASSIFICATION NUMBER
Classification number 428.64
Item number FER
100 1# - MAIN ENTRY--PERSONAL NAME
Personal name FERREIRA, LINDA A.
245 10 - TITLE STATEMENT
Title READ ON, SPEAK OUT :
Remainder of title COMPREHENSION, VOCABULARY ANDDISCUSSION FOR ADULTS LEARNING ENGLISH
250 ## - EDITION STATEMENT
Edition statement 1a ed.
260 ## - PUBLICATION, DISTRIBUTION, ETC.
Place of publication, distribution, etc. ESTADOS UNIDOS DE AMERICA :
Name of publisher, distributor, etc. NEW BURY HOUSE PUBLISHERS,
Date of publication, distribution, etc. 1979
300 ## - PHYSICAL DESCRIPTION
Extent 88
650 14 - SUBJECT ADDED ENTRY--TOPICAL TERM
Topical term or geographic name entry element INGLES LENGUAJE
General subdivision ENSEANZA ESTUDIANTES EXTRANJEROS
-- LECTURAS
-- ESTADOS UNIDOS
700 1# - ADDED ENTRY--PERSONAL NAME
Personal name VAI, MARJORIE
Relator term coaut.
Existencias
Withdrawn status Lost status Source of classification or shelving scheme Damaged status Not for loan Collection code Home library Current library Shelving location Date acquired Source of acquisition Inventory number Total Checkouts Full call number Barcode Date last seen Price effective from Koha item type
    Dewey Decimal Classification     General Biblioteca Karol Wojtyla Biblioteca Karol Wojtyla Sala general 03/12/2013 Compra 151000000000000000042159   428.64 FER 43121 05/01/2026 03/12/2013 Libro